5HLuxD.jpg

KING HENRY VIII SENIOR AND PRIMARY SCHOOL LIBRARY OPAC

Diary of a wimpy kid : (Record no. 3744)

000 -LEADER
fixed length control field 01941cam a2200493Mi 4500
001 - CONTROL NUMBER
control field .b27089812
003 - CONTROL NUMBER IDENTIFIER
control field OCoLC
005 - DATE AND TIME OF LATEST TRANSACTION
control field 20241009092626.0
008 - FIXED-LENGTH DATA ELEMENTS--GENERAL INFORMATION
fixed length control field 190924r20202018enka j 000 f eng d
020 ## - INTERNATIONAL STANDARD BOOK NUMBER
International Standard Book Number 9780241389317
Qualifying information (paperback)
035 ## - SYSTEM CONTROL NUMBER
System control number (OCoLC)1108271300
040 ## - CATALOGING SOURCE
Original cataloging agency KOTUI
Language of cataloging eng
Description conventions rda
Transcribing agency KOTUI
Modifying agency OCLCO
-- OCLCF
-- OCLCQ
-- OCLCA
-- C6D
-- OCLCO
-- KH8
042 ## - AUTHENTICATION CODE
Authentication code nbic
082 ## - DEWEY DECIMAL CLASSIFICATION NUMBER
Classification number FIC KIN
100 1# - MAIN ENTRY--PERSONAL NAME
Personal name Kinney, Jeff,
Relator term author,
-- illustrator.
245 10 - TITLE STATEMENT
Title Diary of a wimpy kid :
Remainder of title the meltdown /
Statement of responsibility, etc. by Jeff Kinney.
246 10 - VARYING FORM OF TITLE
Title proper/short title Meltdown.
260 ## - PUBLICATION, DISTRIBUTION, ETC.
Place of publication, distribution, etc. United Kingdom :
Name of publisher, distributor, etc. Puffin Books,
Date of publication, distribution, etc. 2020.
300 ## - PHYSICAL DESCRIPTION
Extent 217 pages :
Other physical details illustrations ;
Dimensions 22 cm.
490 1# - SERIES STATEMENT
Series statement Diary of a wimpy kid ;
Volume/sequential designation bk. 13.
520 ## - SUMMARY, ETC.
Summary, etc. When snow closes Greg Heffley's middle school, he and his best friend, Rowley Jefferson, face a fight for survival as warring gangs turn the neighborhood into a wintry battlefield.
600 10 - SUBJECT ADDED ENTRY--PERSONAL NAME
Personal name Heffley, Greg
Titles and other words associated with a name (Fictitious character)
Form subdivision Juvenile fiction.
650 #0 - SUBJECT ADDED ENTRY--TOPICAL TERM
Topical term or geographic name entry element Schools
Form subdivision Juvenile fiction.
650 #0 - SUBJECT ADDED ENTRY--TOPICAL TERM
Topical term or geographic name entry element Snow
Form subdivision Juvenile fiction.
650 #0 - SUBJECT ADDED ENTRY--TOPICAL TERM
Topical term or geographic name entry element Best friends
Form subdivision Juvenile fiction.
650 #0 - SUBJECT ADDED ENTRY--TOPICAL TERM
Topical term or geographic name entry element Friendship
Form subdivision Juvenile fiction.
650 #0 - SUBJECT ADDED ENTRY--TOPICAL TERM
Topical term or geographic name entry element Winter
Form subdivision Juvenile fiction.
650 #1 - SUBJECT ADDED ENTRY--TOPICAL TERM
Topical term or geographic name entry element Diaries
Form subdivision Fiction.
650 #1 - SUBJECT ADDED ENTRY--TOPICAL TERM
Topical term or geographic name entry element Humorous stories.
650 #7 - SUBJECT ADDED ENTRY--TOPICAL TERM
Topical term or geographic name entry element Best friends.
Source of heading or term fast
Authority record control number or standard number (OCoLC)fst00830870.
650 #7 - SUBJECT ADDED ENTRY--TOPICAL TERM
Topical term or geographic name entry element Friendship.
Source of heading or term fast
Authority record control number or standard number (OCoLC)fst00935174.
650 #7 - SUBJECT ADDED ENTRY--TOPICAL TERM
Topical term or geographic name entry element Schools.
Source of heading or term fast
Authority record control number or standard number (OCoLC)fst01107958.
650 #7 - SUBJECT ADDED ENTRY--TOPICAL TERM
Topical term or geographic name entry element Snow.
Source of heading or term fast
Authority record control number or standard number (OCoLC)fst01121907.
650 #7 - SUBJECT ADDED ENTRY--TOPICAL TERM
Topical term or geographic name entry element Winter.
Source of heading or term fast
Authority record control number or standard number (OCoLC)fst01176048.
655 #0 - INDEX TERM--GENRE/FORM
Genre/form data or focus term Children's stories.
655 #7 - INDEX TERM--GENRE/FORM
Genre/form data or focus term Diary fiction.
Source of term fast
Authority record control number or standard number (OCoLC)fst01726582.
655 #7 - INDEX TERM--GENRE/FORM
Genre/form data or focus term Fiction.
Source of term fast
Authority record control number or standard number (OCoLC)fst01423787.
655 #7 - INDEX TERM--GENRE/FORM
Genre/form data or focus term Humorous fiction.
Source of term fast
Authority record control number or standard number (OCoLC)fst01726649.
655 #7 - INDEX TERM--GENRE/FORM
Genre/form data or focus term Juvenile works.
Source of term fast
Authority record control number or standard number (OCoLC)fst01411637.
655 #7 - INDEX TERM--GENRE/FORM
Genre/form data or focus term Humorous fiction.
Source of term lcgft.
655 #7 - INDEX TERM--GENRE/FORM
Genre/form data or focus term Diary fiction.
Source of term lcgft.
800 1# - SERIES ADDED ENTRY--PERSONAL NAME
Personal name Kinney, Jeff.
Title of a work Diary of a wimpy kid ;
Volume/sequential designation 13.
942 ## - ADDED ENTRY ELEMENTS (KOHA)
Source of classification or shelving scheme
Koha item type Books - Fiction
Holdings
Withdrawn status Lost status Source of classification or shelving scheme Damaged status Not for loan Collection code Permanent Location Current Location Shelving location Date acquired Total Checkouts Full call number Barcode Date last seen Date last checked out Price effective from Koha item type
          Fiction KH8 Senior School Library KH8 Senior School Library Fiction 2024-10-09 5 FIC KIN 3KHSL000102087 2026-02-27 2026-01-28 2024-10-09 Books - Fiction

Powered By KH8 IT Dept